00724nam a22002057a 450000500170000001000150001702000260003203500140005803700090007208200140008110000270009524500460012226000550016827000810022330000210030470000100032594200280033599900190036395201360038220250728153205.0 aENG-146231 a9789357319249c450.00 aEN-129763 bDBAD a394.20954 aGanguly, Swayam983426 aAmazing Rituals Of India/bSwayam Ganguly aGurugrambHachette Book Publishing India Pvt. Ltd. bGurugrama4th & 5th Floors, Corporate Centre, Plot No. 94, Sector 44e122003 a204 p. c19.7 cm 976612 2ddccENh394.20954mGAN c212687d212687 001040718NFICaDBADbDBADd2025-07-28eDBADg450.00l0o394.20954 GANpEN-129763r2025-07-28 00:00:00t1v450.00w2025-07-28yEN